| 000 | 00657cam a2200229 4500 | ||
|---|---|---|---|
| 001 | M98984 | ||
| 008 | 090401t1999 xxu||||| |||| 00| 0 eng d | ||
| 035 | _a(Sirsi) u99929 | ||
| 041 | _aeng | ||
| 110 |
_aRoyal Institution of Chartered Surveyors _94900 |
||
| 245 | _aRevision of Planning Policy Guidance Note 3 : Housing public consultation draft | ||
| 260 |
_bRoyal Institution of Chartered Surveyors _c1999 |
||
| 350 | _a0 | ||
| 490 |
_aRICS Policy Unit Submission _vPU/SUB/40 |
||
| 650 | _aDETR | ||
| 650 | _aURBAN DESIGN ALLIANCE | ||
| 650 | _aURBAN DESIGN | ||
| 650 | _aURBAN LIFE | ||
| 690 | _aHOUSING | ||
| 942 | _n0 | ||
| 948 | _c03/06/1999 | ||
| 999 |
_c99525 _d99525 |
||